000 01204cam a2200277 4500
008 041019n2004 000 0 eng u
020 _a0471985619
035 _a(Sirsi) u127747
041 _aeng.
050 _a333.73
_c18
100 _aNathanail, P.
245 _aReclamation of contaminated land
260 _aChichester
_bJohn Wiley and Sons
_c2004
300 _avii, 238p.
_c23cm.
350 _a21.50
520 _aPresents an overview of the general skills and knowledge required in contaminated land management. Encompasses general management, regulatory practice and specific land contamination issues. Part one discusses: site characterisation and the design of site investigations; the central role of conceptual models; and risk assessment in decision making. Part two examines how risks from contaminated land are managed and the role of different remediation approaches. Makes reference to UK policy and law.
650 _aCONTAMINATED LAND
650 _aLAND RECLAMATION
650 _aHAZARDOUS WASTE
650 _aSOIL POLLUTION
650 _aREMEDIATION
650 _aSITE INVESTIGATION
690 _aENVIRONMENT-CONTAMINATION
700 _aBardos, P.
942 _n0
999 _c103817
_d103817